| 000 | 01876cam a22003254a 4500 | ||
|---|---|---|---|
| 020 | _a9780821378991 | ||
| 040 | _cDDC | ||
| 082 | _a657 THE 2009 A053 Co. | ||
| 100 | 1 | _aGreuning, Hennie van. | |
| 245 | 1 | 0 |
_aInternational Financial Reporting Standards (Fifth Edition) _bA Practical Guide / |
| 260 |
_aWashington, D.C. : _bThe World Bank, _c2009. |
||
| 300 | _a1 online resource (334 p.) | ||
| 520 | 3 | _aInternational Financial Reporting Standards (IFRS) in a business situation can have a significant effect on the financial results and position of a division or an entire business enterprise. International Financial Reporting Standards: A Practical Guide gives private or public sector executives, managers, and financial analysts without a strong background in accounting the tools they need to participate in discussions and decisions on the appropriateness or application of IFRS. Each chapter summarizes an International Financial Reporting Standard, following a consistent structure: Problems addressed by the IFRS Scope of the Standard Key concepts and definitions Accounting treatment Presentation and disclosure Financial analysis and interpretation. | |
| 650 | 4 | _aAccess to Finance. | |
| 650 | 4 | _aBankruptcy and Resolution of Financial Distress. | |
| 650 | 4 | _aBanks and Banking Reform. | |
| 650 | 4 | _aBusiness Environment. | |
| 650 | 4 | _aBusiness in Development. | |
| 650 | 4 | _aCompetitiveness and Competition Policy. | |
| 650 | 4 | _aDebt Markets. | |
| 650 | 4 | _aEconomic Theory and Research. | |
| 650 | 4 | _aEmerging Markets. | |
| 650 | 4 | _aFinance and Financial Sector Development. | |
| 650 | 4 | _aInvestment and Investment Climate. | |
| 650 | 4 | _aMacroeconomics and Economic Growth. | |
| 650 | 4 | _aPrivate Sector Development. | |
| 700 | 1 | _aGreuning, Hennie van. | |
| 856 | 4 | 0 | _uhttp://elibrary.worldbank.org/content/book/9780821377277 |
| 942 | _cEK | ||
| 999 |
_c15034 _d15034 |
||